| 000 | 01317nam a2200313 i 4500 | ||
|---|---|---|---|
| 001 | bg | ||
| 003 | KOSZ 005 | ||
| 005 | 20191116112257.0 | ||
| 008 | 080610s1961 pl a f 000 0 pol | ||
| 015 | _aPB 1961/4227 | ||
| 040 |
_aWA N _cKOSZ 005/RW _dKOSZ 005/RW |
||
| 041 | 1 |
_apol _hrus |
|
| 080 | _a621 | ||
| 100 | 1 | _aBoguslavskij, Boris L'vovič. | |
| 245 | 1 | 0 |
_aAutomaty tokarskie : _bzasady obliczania, projektowania i eksploatacji / _cB. L. Bogusławski ; tł. Stanisław Pietkiewicz, Tadeusz Pietrzkiewicz. |
| 246 | 1 |
_iTyt. oryg.: _aTokarnye avtomaty. |
|
| 260 |
_aWarszawa : _bPaństwowe Wydawnictwa Techniczne, _c1961. |
||
| 300 |
_aV, [3], 634, [2] s. : _bil. ; _c25 cm. |
||
| 380 | _aKsiążki. | ||
| 504 | _aBibliogr. s. 632-[635]. | ||
| 521 | 8 | _aDla konstruktorów, technologów zakładów budowy maszyn, pracowników biur projektowych oraz dla słuchaczy wyższych i średnich szkół technicznych wydziałów mechanicznych. | |
| 655 | 4 | _aPodręcznik | |
| 650 | 4 | _aTokarka | |
| 700 | 1 |
_aPietkiewicz, Stanisław. _eTł. |
|
| 700 | 1 |
_aPietrzkiewicz, Tadeusz. _eTł. |
|
| 710 | 2 |
_aPaństwowe Wydawnictwa Techniczne _4pbl. |
|
| 856 |
_uhttp://koha.tu.koszalin.pl/cgi-bin/koha/opac-detail.pl?biblionumber=10760 _yKatalog online BPK |
||
| 942 |
_2UKD _cKS |
||
| 999 |
_c10760 _d10760 |
||